| 000 | 00000nam##2200000za#4500 |
| 001 | 9.642742 |
| 003 | CaOODSP |
| 005 | 20210624223840 |
| 007 | cr ||||||||||| |
| 008 | 150407|2007||||xxc|||||o f|0| 0 fre|d |
| 040 | |aCaOODSP|bfre |
| 043 | |an-cn--- |
| 086 | 1 |aCW66-364/2007F-PDF |
| 110 | 2 |aService canadien de la faune. |
| 245 | 10|aProtocoles recommandés pour la surveillance des impacts des éoliennes sur les oiseaux |h[ressource électronique] |
| 246 | 17|aÉoliennes et oiseaux - protocoles de surveillance |
| 260 | |aGatineau - Québec : |bEnvironnement Canada. |cAvril 2007. |
| 300 | |a41p. |
| 590 | |a14-01-Supp|b2014-01-07 |
| 691 | 07|aÉnergie éolienne|2gcpds |
| 691 | 07|aOiseau|2gcpds |
| 691 | 07|aOiseau migrateur|2gcpds |
| 775 | 08|tRecommended protocols for monitoring impacts of wind turbines on birds |w(CaOODSP)9.698742 |
| 856 | 40|ahttp://publications.gc.ca|qPDF|s267 Ko|uhttps://publications.gc.ca/collections/collection_2013/ec/CW66-364-2007-fra.pdf |